000 00300nam a22001337a 4500
008 170929b xxu||||| |||| 00| 0 eng d
020 _a9780669444025
041 _aeng
080 _a37
100 _a37
101 _aEDU
245 _aWRITE FOR COLLEGE A STUDENT
_cMEYER.M
942 _2udc
_cBK
999 _c30785
_d30785